01082cam a22003015a 4500001000800000005001700008008004100025020001500066040003300081041001300114082001700127100003300144240003700177245009400214250001200308260004400320300003600364500006400400504005100464650003300515650002800548653002200576700002000598700004000618942000800658999001700666952009700683415654320180123114125.0781128t1979 enka frb 001 0 eng d a0582489911 aDLCcDLCdDLCdEG-ScBUEbeng1 aenghfre04a380222bBEA1 aBeaujeu-Garnier, Jacqueline.10aGeographie du commerce.lEnglish10aGeography of marketing /cJ. Beaujeu-Garnier, Annie Delobez ; translated by S. H. Beaver. a1st ed. aLondon ;aNew York :bLongman,cc.1979. axxiii, 263 p. :bill. ;c24 cm. aTranslation with new material of La geographie du commerce. aIncludes bibliographical references and index. 7aCommercial geography.2BUEsh 7aCommerce.2BUEsh931817 bGGENcJanuary20181 aDelobez, Annie.1 aBeaver, Stanley Henry,etranslator. 2ddc c25995d25967 00102ddc4070aMAINbMAINc1STd2018-01-23l0o380 BEAp000047161r2025-07-15 00:00:00yBB